| 000 | 01229nam a2200241Ia 4500 | ||
|---|---|---|---|
| 999 |
_c5254 _d5254 |
||
| 003 | OSt | ||
| 005 | 20200429171847.0 | ||
| 008 | 191128s2010 ck gr 000 0 spa d | ||
| 020 | _a9789587194364 | ||
| 040 |
_aCO-JMCR _cCO-JMCR |
||
| 041 | 0 | _aspa | |
| 082 | 0 | 4 |
_a324.78 / _bR644d _223 |
| 100 | 1 |
_aRoll, David, _eautor _93711 |
|
| 245 | 1 | 2 |
_a¿Democracias prepago? : _bel control de la financiación de la política, un reto para Colombia y Latinoamérica / _cDavid Roll |
| 250 | _aPrimera edición | ||
| 260 |
_aBogotá : _bUniversidad Nacional de Colombia, _c2010 |
||
| 300 |
_a297 páginas ; _c24 cm. |
||
| 505 | 0 | _aUn balance del sistema de financiamiento político en Colombia -- Las dificultades del financiamiento de la política en Colombia y sus repercusiones en el sistema de partidos : algunas reflexiones sobre la "parapolítica" -- Evolución del marco normativo | |
| 520 | _aEl problema dinero-política es un asunto no resuelto en los sistemas políticos democráticos. El incremento de los costos de las campañas en las últimas décadas ha llegado a afectar los mecanismos de elección. | ||
| 650 | 1 | 4 |
_aPartidos políticos _93712 |
| 650 | 1 | 4 |
_aElecciones _xcampañas políticas _93713 |
| 942 |
_2ddc _cBK |
||